<?xml version="1.0" encoding="UTF-8"?>
<record
    xmlns:xsi="http://www.w3.org/2001/XMLSchema-instance"
    xsi:schemaLocation="http://www.loc.gov/MARC21/slim http://www.loc.gov/standards/marcxml/schema/MARC21slim.xsd"
    xmlns="http://www.loc.gov/MARC21/slim">

  <leader>01082nam a2200265 u 4500</leader>
  <controlfield tag="001">79020</controlfield>
  <controlfield tag="003">BD-RjUL</controlfield>
  <controlfield tag="005">20211219124200.0</controlfield>
  <controlfield tag="008">191104s1945    le            000 0 ara d</controlfield>
  <datafield tag="035" ind1=" " ind2=" ">
    <subfield code="a">(BD-RjUL)79020</subfield>
  </datafield>
  <datafield tag="040" ind1=" " ind2=" ">
    <subfield code="a">NNL</subfield>
    <subfield code="c">BD-RjUL</subfield>
    <subfield code="b">eng</subfield>
  </datafield>
  <datafield tag="041" ind1=" " ind2=" ">
    <subfield code="a">ara</subfield>
  </datafield>
  <datafield tag="082" ind1=" " ind2=" ">
    <subfield code="2">23</subfield>
    <subfield code="a">892.7808</subfield>
    <subfield code="b">YAM 1945</subfield>
  </datafield>
  <datafield tag="091" ind1=" " ind2=" ">
    <subfield code="a">YAH. AR 1458</subfield>
  </datafield>
  <datafield tag="100" ind1="1" ind2=" ">
    <subfield code="a">&#x627;&#x644;&#x64A;&#x627;&#x632;&#x62C;&#x649;&#x60C; &#x646;&#x627;&#x635;&#x64A;&#x641;&#x60C; ;; Al-Yazji, Nassif, </subfield>
    <subfield code="d">1800-1871</subfield>
    <subfield code="9">242</subfield>
  </datafield>
  <datafield tag="245" ind1="1" ind2="5">
    <subfield code="a">  &#x645;&#x62C;&#x645;&#x648;&#x639; &#x627;&#x644;&#x627;&#x62F;&#x628; &#x641;&#x64A; &#x641;&#x646;&#x648;&#x646; &#x627;&#x644;&#x639;&#x631;&#x628; ;; majmue aladib fi funun alearab /</subfield>
    <subfield code="c">&#x62A;&#x627;&#x644;&#x64A;&#x641; &#x646;&#x627;&#x635;&#x64A;&#x641; &#x627;&#x644;&#x64A;&#x627;&#x632;&#x62C;&#x649; &#x627;&#x644;&#x644;&#x628;&#x646;&#x627;&#x646;&#x649;. ;; Nassif Al Yazigi, Lebani</subfield>
  </datafield>
  <datafield tag="250" ind1=" " ind2=" ">
    <subfield code="a">12nd ed,;; &#x637;&#x628;&#x639; &#x62B;&#x627;&#x644;&#x62B;&#x629; &#x639;&#x634;&#x631;&#x629;</subfield>
  </datafield>
  <datafield tag="260" ind1=" " ind2=" ">
    <subfield code="a">&#x628;&#x64A;&#x631;&#x648;&#x62A; :</subfield>
    <subfield code="b">[&#x627;&#x633;&#x645; &#x627;&#x644;&#x646;&#x627;&#x634;&#x631; &#x63A;&#x64A;&#x631; &#x645;&#x639;&#x631;&#x648;&#x641;]&#x60C;</subfield>
    <subfield code="c">1945</subfield>
  </datafield>
  <datafield tag="300" ind1=" " ind2=" ">
    <subfield code="a">191 p. ;</subfield>
    <subfield code="c">18 cm</subfield>
  </datafield>
  <datafield tag="500" ind1=" " ind2=" ">
    <subfield code="a">&#x645;&#x636;&#x645;&#x648;&#x646;&#x647;: &#x643;&#x62A;&#x627;&#x628; &#x639;&#x642;&#x62F; &#x627;&#x644;&#x62C;&#x645;&#x627;&#x646; &#x641;&#x649; &#x639;&#x644;&#x645; &#x627;&#x644;&#x628;&#x64A;&#x627;&#x646;. - &#x646;&#x642;&#x637;&#x629; &#x627;&#x644;&#x62F;&#x627;&#x626;&#x631;&#x629; &#x641;&#x649; &#x639;&#x644;&#x645; &#x627;&#x644;&#x639;&#x631;&#x648;&#x636; &#x648;&#x627;&#x644;&#x642;&#x648;&#x627;&#x641;&#x649;.</subfield>
  </datafield>
  <datafield tag="650" ind1=" " ind2="4">
    <subfield code="a">Arabic language</subfield>
    <subfield code="x">Rhetoric</subfield>
    <subfield code="9">243</subfield>
  </datafield>
  <datafield tag="650" ind1=" " ind2="4">
    <subfield code="a">Arabic language</subfield>
    <subfield code="x">Style</subfield>
    <subfield code="9">244</subfield>
  </datafield>
  <datafield tag="650" ind1=" " ind2="4">
    <subfield code="a">Arabic language</subfield>
    <subfield code="x">Versification</subfield>
    <subfield code="9">245</subfield>
  </datafield>
  <datafield tag="942" ind1=" " ind2=" ">
    <subfield code="2">ddc</subfield>
    <subfield code="c">BK</subfield>
  </datafield>
  <datafield tag="999" ind1=" " ind2=" ">
    <subfield code="c">79020</subfield>
    <subfield code="d">79020</subfield>
  </datafield>
  <datafield tag="952" ind1=" " ind2=" ">
    <subfield code="0">0</subfield>
    <subfield code="1">0</subfield>
    <subfield code="2">ddc</subfield>
    <subfield code="4">0</subfield>
    <subfield code="7">1</subfield>
    <subfield code="8">NFIC</subfield>
    <subfield code="a">RUCL</subfield>
    <subfield code="b">RUCL</subfield>
    <subfield code="c">Reading</subfield>
    <subfield code="d">2021-12-19</subfield>
    <subfield code="l">0</subfield>
    <subfield code="o">A 892.7808 YAM 1945</subfield>
    <subfield code="r">2021-12-19 00:00:00</subfield>
    <subfield code="t">C-1</subfield>
    <subfield code="w">2021-12-19</subfield>
    <subfield code="y">BK</subfield>
  </datafield>
</record>
